MDQL
is popping MORE tags! Check the
thread
!
Quizzes
Events
Quiz Creation
Community
Videos
Private Events
Remove Ads
Sign In
Join for FREE
Feedback
Dark Mode
Quiz Categories
Sports
Geography
Music
Movies
Television
Just For Fun
Miscellaneous
History
Literature
Language
Science
Gaming
Entertainment
Religion
Holiday
For Kids
Quiz Lab
Recent
Popular Today
Quiz Kudos Today
Editor Picks
Curator Picks
Quizzes by...
Day
Popularity
Type
Ratings
Length
Year
Community
Subscriptions
Recent Discussions
Orange Saloon
Badges
Playlists
Quests
Create
Leaderboards
Showdown
Live 5
Trivia Bingo
Activity
Puzzle Library
Sporcle Events
Private Events
Virtual Trivia
Globe League
Become a Host
Pub Owners
SporcleCon
Opinionation
Our Games
Videos
Blog
Mobile Apps
Partnerships
Remove Ads and Go Orange
Feedback
Sports
Athletes
MLB
NBA
NHL
NFL
Soccer
Sports Teams
WWE
NCAA
Football
Premier League
Basketball
Baseball
Hockey
Golf
Tennis
Cricket
Rugby
Auto Racing
Olympics
World Cup
Sports
Athletes
MLB
NBA
NHL
NFL
Soccer
Sports Teams
WWE
NCAA
Football
Premier League
Basketball
Baseball
Hockey
Golf
Tennis
Cricket
Rugby
Auto Racing
Olympics
World Cup
Random Quiz
Search Sporcle
×
Quiz Lab
Quiz Lab
Sports
Football
Type in answers that appear in a list
Type in answers that appear in a list
Classic
Best Score? Go Orange.
Michigan Football, All-Time Victories Stats
Can you name the Teams that Michigan has beaten most often?
By
minnmich
8m
24 Questions
513 Plays
513 Plays
513 Plays
Comments
Comments
Give Quiz Kudos
Give Quiz Kudos
-
- Ratings
hide this ad
More Info
Replay
Link that replays current quiz
Next Quiz
Link to next quiz in quiz playlist
You Got
0%
They Got
Avg Score
56%
Avg Friend Score
Upgrade to see
Score Distribution
Jump to the score distribution portion of the page
Score
0/24
Timer
08:00
0
Plays Today
Victories
Team
% Correct
58
Ohio State
100%
71
Michigan State
98.3%
75
Minnesota
91.4%
71
Illinois
89.7%
58
Northwestern
87.9%
59
Indiana
86.2%
42
Iowa
86.2%
25
Notre Dame
86.2%
+11+
Pennsylvania
84.5%
51
Wisconsin
82.8%
14
Penn State
82.8%
45
Purdue
81%
Victories
Team
% Correct
8
Maryland
75.9%
10
Eastern Michigan
63.8%
7
Western Michigan
62.1%
8
UCLA
51.7%
7
Washington
51.7%
*19*
Chicago
36.2%
12
Navy
22.4%
10
Vanderbilt
19%
*16*
Albion
15.5%
*26*
Case Inst of Tech (Case-Western)
10.3%
*9*
Oberlin
5.2%
*7*
Mount Union
3.4%
Quiz Playlist
Details
Report
Send in Message
Add To Playlist
More Info:
Updated through the 2019 season
++ Plus signs indicate the college now plays in FCS (D-I AA)
** Asterisks indicate colleges that now compete in D-III
Classic:
Type in answers that appear in a list
Quiz Source
Last Updated: Jul 2, 2020
Quiz Scoreboard
CHALLENGE
Sign Up to Join the Scoreboard
Show All
Scores
Hide
Comments
May contain spoilers
Recently Published
Street Fighter Characters
by Artimus82
Gaming
60s
9x9 Crossword: Cartoon Network
by jackfrog10
Miscellaneous
3m
College Basketball Coaching Resumes
by pancakes188
Sports
9m
More to Explore
Quiz From the Vault
Featured Blog Post
Where Did the Easter Bunny Come From?
hide this ad
You Might Also Like...
Tags
Football Quiz
michigan
NCAA Football
Today's Top Quizzes in Sports
Browse Sports
hide this ad
Today's Top Quizzes in Football
Browse Football
Top Contributed Quizzes in Sports
1
2022 World Cup Stars
2
Les meilleurs buteurs des matchs entre le PSG et l’OM
3
FIFA Club World Cup Champions
4
Les entraîneurs de l'OM et du PSG au 21e siècle
5
Criteria MLB: Left Handed Sluggers
6
2023 MLB Unique Player Accomplishments
7
AFC Teams Reveal (Wrong Answers Minefield)
8
5-to-1: FBS Animal Nicknames
9
Players with Multiple 50 Home Run Seasons
10
5-to-1: UK Sports Teams
Explore More
Trending Topics
Harry Potter
Disney
Crossword
NBA
Kpop
Anime
Marvel
The Office
Pokémon
Puzzle
Soccer
Country
WWE
Song
NFL
hide this ad
More By:
minnmich
Quiz
Plays
Rating
Category
Featured
Created
MLB Lifetime .300 Hitters Since 1947
69,909
4.71
Sports
Aug 16, 2012
MLB .350 Hitters Since 1941
65,105
4.65
Sports
Jul 27, 2012
NFL Passing Leaders: Start of Each Decade
45,791
4.66
Sports
Nov 17, 2013
NFL Rushing Leaders: Start of Each Decade
42,519
4.54
Sports
Jul 27, 2012
Played AND Managed in a World Series
13,743
4.63
Sports
Oct 27, 2011
Go to Creator's Profile
Score Distribution
Quiz Creator Spotlight
minnmich
Follow
Send a Message
Quizzes Created
-
Created Quiz Play Count
-
More By This Creator
Popular Quizzes Today
1
Find the US States - No Outlines Minefield
2
Find the Countries of Europe - No Outlines Minefield
3
The Countries of the World
4
Find the US States
5
Risky Map Clicking: Biggest States A-Z
6
US States
7
Popular People in 1961
8
Movies - When Are They Set?
More Sports Quizzes
Guess The Footballer By Their Clubs
Quiz Lab
Trending Quizzes
Risky Map Clicking: Least Populous States A-Z
Countries of the World: 200 Million BC
1-10 Letter G Words
Risky Map Clicking: Next State Alphabetically
Adjectives in 80s TV Shows
Recently Updated
Leaping Animals
pecheneg
Reality TV Shows (A-Z)
bhenderson79
Rickey Henderson's Hall of Fame Teammates
pecheneg
Champions League XIs: Arsenal
pecheneg
Quick Pick: Celebrities in WWE's Hall of Fame
aduchscher
A-Z Keypad Blitz II
pecheneg
Multiple Oscar Actors
pecheneg
Mystery Phrase Blitz: Oscar 'Best Actors'
pecheneg
F. Scott Fitzgerald Novels
LTH
Pick 3 Villains
ddd62291
Trending Topics
Anime
Crossword
Harry Potter
NBA
Marvel
Disney
Kpop
Puzzle
NFL
The Office
Song
Soccer
Pokémon
WWE
Country
Your Account Isn't Verified!
In order to create a playlist on Sporcle, you need to verify the email address you used during registration. Go to your
Sporcle Settings
to finish the process.
Report this User
Report this user for behavior that violates our
Community Guidelines
.
Details:
Send Report
Go to the Sporcle.com Mobile Site →
Comments